000
00302 a2200133 4500
001
60882
082
_a
658.5 DIL
090
_c
37040
_d
37040
100
_a
Zaidi,Z.H
245
_a
Operations management, 2nd Ed (photocopy)
250
_a
2
260
_a
NY
_b
MC Graw Hill
_c
1996
300
_a
xx, 618 p
942
_a
NUST-CAE
_k
658.5 DIL
999
_c
295955
_d
295955